MyGZULibrary

General principles of commercial law / (Record no. 1299)

MARC details
000 -LEADER
fixed length control field 01391cam a2200397 i 4500
001 - CONTROL NUMBER
control field 19143462
003 - CONTROL NUMBER IDENTIFIER
control field GZU
005 - DATE AND TIME OF LATEST TRANSACTION
control field 20210521132317.0
008 - FIXED-LENGTH DATA ELEMENTS--GENERAL INFORMATION
fixed length control field 160620t20152015sa b 001 0 eng c
010 ## - LIBRARY OF CONGRESS CONTROL NUMBER
LC control number 2015409740
020 ## - INTERNATIONAL STANDARD BOOK NUMBER
International Standard Book Number 9781485106296 (pbk)
020 ## - INTERNATIONAL STANDARD BOOK NUMBER
International Standard Book Number 9781485106296
035 ## - SYSTEM CONTROL NUMBER
System control number (OCoLC)ocn903569106
040 ## - CATALOGING SOURCE
Original cataloging agency GXR
Language of cataloging eng
Transcribing agency GXR
Description conventions rda
Modifying agency OCLCO
-- OCLCF
-- CUD
-- RCJ
-- NX@
-- NDL
-- DLC
042 ## - AUTHENTICATION CODE
Authentication code pcc
043 ## - GEOGRAPHIC AREA CODE
Geographic area code f-sa---
050 00 - LIBRARY OF CONGRESS CALL NUMBER
Classification number KTL920
Item number .G46 2015
245 00 - TITLE STATEMENT
Title General principles of commercial law /
Statement of responsibility, etc. Heinrich Schulze [and 7 others].
250 ## - EDITION STATEMENT
Edition statement Eighth edition.
264 #1 - PRODUCTION, PUBLICATION, DISTRIBUTION, MANUFACTURE, AND COPYRIGHT NOTICE
Place of production, publication, distribution, manufacture Claremont [South Africa] :
Name of producer, publisher, distributor, manufacturer Juta,
Date of production, publication, distribution, manufacture, or copyright notice 2015.
264 #4 - PRODUCTION, PUBLICATION, DISTRIBUTION, MANUFACTURE, AND COPYRIGHT NOTICE
Date of production, publication, distribution, manufacture, or copyright notice ©2015
300 ## - PHYSICAL DESCRIPTION
Extent xiii, 554 pages ;
Dimensions 25 cm.
336 ## - CONTENT TYPE
Content type term text
Content type code txt
Source rdacontent
337 ## - MEDIA TYPE
Media type term unmediated
Media type code n
Source rdamedia
338 ## - CARRIER TYPE
Carrier type term volume
Carrier type code nc
Source rdacarrier
500 ## - GENERAL NOTE
General note Includes index.
504 ## - BIBLIOGRAPHY, ETC. NOTE
Bibliography, etc. note Includes bibliographical references and index.
505 00 - FORMATTED CONTENTS NOTE
Title Introduction --
-- General principles of the law of contract --
-- Specific contracts --
-- Specific aspects of commercial law.
650 #0 - SUBJECT ADDED ENTRY--TOPICAL TERM
Topical term or geographic name entry element Commercial law
Geographic subdivision South Africa.
650 #0 - SUBJECT ADDED ENTRY--TOPICAL TERM
Topical term or geographic name entry element Contracts
Geographic subdivision South Africa.
700 1# - ADDED ENTRY--PERSONAL NAME
Personal name Schulze, Heinrich,
Relator term author.
906 ## - LOCAL DATA ELEMENT F, LDF (RLIN)
a 7
b cbc
c pccadap
d 2
e ncip
f 20
g y-gencatlg
942 ## - ADDED ENTRY ELEMENTS (KOHA)
Source of classification or shelving scheme Library of Congress Classification
Koha item type Books
Edition 8th ed.
Classification part 920
Item part GEN
Call number prefix KTL
Holdings
Withdrawn status Lost status Source of classification or shelving scheme Damaged status Not for loan Collection code Home library Current library Shelving location Date acquired Total Checkouts Full call number Barcode Date last seen Date last checked out Copy number Price effective from Koha item type Inventory number Total Renewals Date due Source of acquisition
    Library of Congress Classification     Non-fiction City Campus Library City Campus Library General Stacks 10/06/2020 1 KTL 920 GEN 2015 026909 11/29/2024 11/28/2024 C.1 10/06/2020 Books        
          Non-fiction City Campus Library City Campus Library General Stacks 03/11/2021 1 KTL920 GEN 2016 026911 12/06/2023 12/03/2023 c.2 03/11/2021 Books        
          Non-fiction City Campus Library City Campus Library General Stacks 03/11/2021 1 KTL920 GEN 2015 023544 11/29/2024 11/28/2024 c.3 03/11/2021 Books        
          Non-fiction City Campus Library City Campus Library General Stacks 03/11/2021 1 KTL920 2015 026908 11/15/2024 11/07/2024 c.4 03/11/2021 Books        
          Non-fiction Mashava Campus Library City Campus Library General Stacks 05/13/2021   KF1355 SCH 2015 026980 05/30/2022   c.7 05/13/2021 Books 026980      
    Library of Congress Classification     Non-fiction City Campus Library City Campus Library General Stacks 10/15/2022 2 KTL920 GEN 2015 023543 11/29/2024 11/23/2024 c.11 10/15/2022 Books 023543     Purchase
    Library of Congress Classification     Non-fiction Law Library Law Library General Stacks 05/21/2021 13 KF1355 SCH 2015 026979 10/28/2025 10/20/2025 c.8 05/21/2021 Books   1    
          Non-fiction Law Library Law Library General Stacks 05/27/2021   KF1355 SCH 2015 0269789 05/27/2021   C.6 05/27/2021 Books        
          Non-fiction Law Library Law Library General Stacks 06/04/2021 13 KF1355 SCH 2015 022695 04/16/2026 04/16/2026 C.9 06/04/2021 Books     04/24/2026  
    Library of Congress Classification     Non-fiction Mashava Campus Library Mashava Campus Library General Stacks 11/04/2020   KTL920GEN2016 026910 11/04/2020   c.5   Books